[Event "Women's World Cup 2023"]
[Site "Baku, Azerbaijan"]
[Date "????.??.??"]
[Round "2.10"]
[White "Badelka Olga (FID)"]
[Black "Varela La Madrid Tilsia Carolina (VEN)"]
[Result "1-0"]
[WhiteFideId "13509926"]
[BlackFideId "3903001"]
[WhiteElo "2397"]
[BlackElo "2028"]

1. Nf3 {[%clk 01:30:56]} {[%emt 00:00:03]} d5 {[%clk 01:30:54]} {[%emt
00:00:06]} 2. e3 {[%clk 01:31:16]} {[%emt 00:00:11]} Nf6 {[%clk 01:29:50]}
{[%emt 00:01:33]} 3. c4 {[%clk 01:31:37]} {[%emt 00:00:09]} c6 {[%clk
01:25:53]} {[%emt 00:04:27]} 4. Nc3 {[%clk 01:32:00]} {[%emt 00:00:07]} e6
{[%clk 01:25:57]} {[%emt 00:00:25]} 5. d4 {[%clk 01:32:20]} {[%emt 00:00:11]}
Nbd7 {[%clk 01:25:49]} {[%emt 00:00:38]} 6. Bd3 {[%clk 01:32:35]} {[%emt
00:00:15]} dxc4 {[%clk 01:26:00]} {[%emt 00:00:20]} 7. Bxc4 {[%clk 01:33:00]}
{[%emt 00:00:04]} b5 {[%clk 01:26:25]} {[%emt 00:00:06]} 8. Bd3 {[%clk
01:33:26]} {[%emt 00:00:04]} Bb7 {[%clk 01:23:42]} {[%emt 00:03:12]} 9. O-O
{[%clk 01:33:37]} {[%emt 00:00:19]} a6 {[%clk 01:23:38]} {[%emt 00:00:34]} 10.
e4 {[%clk 01:33:59]} {[%emt 00:00:08]} c5 {[%clk 01:22:25]} {[%emt 00:01:44]}
11. d5 {[%clk 01:34:19]} {[%emt 00:00:09]} Qc7 {[%clk 01:05:07]} {[%emt
00:17:49]} 12. Qe2 {[%clk 01:34:32]} {[%emt 00:00:17]} Be7 {[%clk 00:56:39]}
{[%emt 00:08:58]} 13. Bg5 {[%clk 01:19:33]} {[%emt 00:15:29]} h6 {[%clk
00:44:54]} {[%emt 00:12:15]} 14. Bh4 {[%clk 01:19:28]} {[%emt 00:00:35]} g5
{[%clk 00:36:31]} {[%emt 00:08:53]} 15. Bg3 {[%clk 01:19:49]} {[%emt 00:00:09]}
e5 {[%clk 00:36:52]} {[%emt 00:00:08]} 16. b3 {[%clk 01:12:07]} {[%emt
00:08:12]} Bd6 {[%clk 00:31:24]} {[%emt 00:05:59]} 17. Ne1 {[%clk 01:06:06]}
{[%emt 00:06:32]} O-O {[%clk 00:25:44]} {[%emt 00:06:09]} 18. h4 {[%clk
01:04:13]} {[%emt 00:02:23]} Ne8 {[%clk 00:26:05]} {[%emt 00:00:09]} 19. Qh5
{[%clk 01:01:44]} {[%emt 00:02:59]} f6 {[%clk 00:20:08]} {[%emt 00:06:26]} 20.
Qxh6 {[%clk 01:01:08]} {[%emt 00:01:07]} Rf7 {[%clk 00:19:55]} {[%emt
00:00:43]} 21. hxg5 {[%clk 01:01:13]} {[%emt 00:00:25]} Rh7 {[%clk 00:20:02]}
{[%emt 00:00:22]} 22. Qg6+ {[%clk 01:01:40]} {[%emt 00:00:03]} Rg7 {[%clk
00:20:22]} {[%emt 00:00:10]} 23. Qf5 {[%clk 01:01:07]} {[%emt 00:01:04]} Rxg5
{[%clk 00:19:28]} {[%emt 00:01:23]} 24. Qe6+ {[%clk 01:00:23]} {[%emt
00:01:15]} Kf8 {[%clk 00:19:12]} {[%emt 00:00:46]} 25. Nf3 {[%clk 01:00:06]}
{[%emt 00:00:47]} Ng7 {[%clk 00:19:30]} {[%emt 00:00:12]} 26. Nxg5 {[%clk
01:00:29]} {[%emt 00:00:08]} fxg5 {[%clk 00:18:12]} {[%emt 00:01:48]} 27. Qg6
{[%clk 00:59:17]} {[%emt 00:01:41]} Be7 {[%clk 00:18:14]} {[%emt 00:00:27]} 28.
Be2 {[%clk 00:57:20]} {[%emt 00:02:28]} Kg8 {[%clk 00:15:55]} {[%emt 00:02:48]}
29. Bg4 {[%clk 00:53:33]} {[%emt 00:04:17]} Nf8 {[%clk 00:15:20]} {[%emt
00:01:05]} 30. Be6+ {[%clk 00:53:48]} {[%emt 00:00:16]} Nfxe6 {[%clk 00:15:42]}
{[%emt 00:00:07]} 31. dxe6 {[%clk 00:54:13]} {[%emt 00:00:06]} Rf8 {[%clk
00:15:44]} {[%emt 00:00:28]} 32. Nd5 {[%clk 00:54:00]} {[%emt 00:00:43]} Bxd5
{[%clk 00:14:47]} {[%emt 00:01:26]} 33. exd5 {[%clk 00:54:27]} {[%emt
00:00:03]} Qd6 {[%clk 00:14:06]} {[%emt 00:01:11]} 34. Qe4 {[%clk 00:53:59]}
{[%emt 00:00:58]} Rf5 {[%clk 00:13:35]} {[%emt 00:01:02]} 35. Rfe1 {[%clk
00:54:10]} {[%emt 00:00:20]} Bd8 {[%clk 00:13:20]} {[%emt 00:00:44]} 36. Bxe5
{[%clk 00:54:05]} {[%emt 00:00:35]} 1-0

[Event "Women's World Cup 2023"]
[Site "Baku, Azerbaijan"]
[Date "????.??.??"]
[Round "2.17"]
[White "Tsolakidou Stavroula (GRE)"]
[Black "Borda Rodas Anapaola S. (ARG)"]
[Result "1/2-1/2"]
[WhiteFideId "4264312"]
[BlackFideId "152781"]
[WhiteElo "2373"]
[BlackElo "2200"]

1. d4 {[%clk 01:30:56]} {[%emt 00:00:03]} Nf6 {[%clk 01:30:44]} {[%emt
00:00:15]} 2. c4 {[%clk 01:31:17]} {[%emt 00:00:10]} e6 {[%clk 01:31:01]}
{[%emt 00:00:13]} 3. g3 {[%clk 01:30:55]} {[%emt 00:00:52]} d5 {[%clk
01:31:12]} {[%emt 00:00:19]} 4. Bg2 {[%clk 01:31:11]} {[%emt 00:00:14]} Bb4+
{[%clk 01:31:11]} {[%emt 00:00:31]} 5. Nd2 {[%clk 01:28:50]} {[%emt 00:02:51]}
O-O {[%clk 01:29:58]} {[%emt 00:01:42]} 6. Ngf3 {[%clk 01:28:42]} {[%emt
00:00:39]} dxc4 {[%clk 01:29:34]} {[%emt 00:00:54]} 7. Qc2 {[%clk 01:28:11]}
{[%emt 00:01:02]} a5 {[%clk 01:29:28]} {[%emt 00:00:36]} 8. a3 {[%clk
01:26:47]} {[%emt 00:01:54]} Bxd2+ {[%clk 01:29:13]} {[%emt 00:00:44]} 9. Bxd2
{[%clk 01:27:12]} {[%emt 00:00:05]} b5 {[%clk 01:29:35]} {[%emt 00:00:08]} 10.
b3 {[%clk 01:25:07]} {[%emt 00:02:35]} Bb7 {[%clk 01:29:41]} {[%emt 00:00:25]}
11. bxc4 {[%clk 00:55:47]} {[%emt 00:29:51]} Be4 {[%clk 01:28:23]} {[%emt
00:01:47]} 12. Qb3 {[%clk 00:46:50]} {[%emt 00:09:28]} Nc6 {[%clk 01:26:03]}
{[%emt 00:02:50]} 13. e3 {[%clk 00:45:25]} {[%emt 00:01:56]} b4 {[%clk
01:17:43]} {[%emt 00:08:49]} 14. axb4 {[%clk 00:43:10]} {[%emt 00:02:46]} axb4
{[%clk 01:17:19]} {[%emt 00:00:54]} 15. O-O {[%clk 00:43:21]} {[%emt 00:00:19]}
Qb8 {[%clk 01:05:11]} {[%emt 00:12:38]} 16. Ne5 {[%clk 00:29:27]} {[%emt
00:14:23]} Nxe5 {[%clk 00:39:08]} {[%emt 00:26:32]} 17. dxe5 {[%clk 00:29:51]}
{[%emt 00:00:07]} Bxg2 {[%clk 00:39:21]} {[%emt 00:00:17]} 18. Kxg2 {[%clk
00:30:17]} {[%emt 00:00:05]} Nd7 {[%clk 00:38:56]} {[%emt 00:00:54]} 19. Qxb4
{[%clk 00:28:20]} {[%emt 00:02:28]} Nxe5 {[%clk 00:39:07]} {[%emt 00:00:18]} 20.
Qb5 {[%clk 00:26:53]} {[%emt 00:01:58]} Rd8 {[%clk 00:31:01]} {[%emt 00:08:35]}
21. Ba5 {[%clk 00:23:15]} {[%emt 00:04:08]} Qxb5 {[%clk 00:25:19]} {[%emt
00:06:13]} 22. cxb5 {[%clk 00:23:40]} {[%emt 00:00:04]} Ra7 {[%clk 00:25:39]}
{[%emt 00:00:10]} 23. b6 {[%clk 00:20:08]} {[%emt 00:04:02]} cxb6 {[%clk
00:26:00]} {[%emt 00:00:08]} 24. Bxb6 {[%clk 00:20:34]} {[%emt 00:00:04]} Rxa1
{[%clk 00:25:58]} {[%emt 00:00:32]} 25. Rxa1 {[%clk 00:20:58]} {[%emt
00:00:06]} Rc8 {[%clk 00:26:07]} {[%emt 00:00:19]} 26. Bd4 {[%clk 00:18:44]}
{[%emt 00:02:46]} Nc4 {[%clk 00:24:42]} {[%emt 00:01:54]} 27. Kf3 {[%clk
00:12:05]} {[%emt 00:07:09]} e5 {[%clk 00:24:55]} {[%emt 00:00:17]} 28. Bc3
{[%clk 00:11:52]} {[%emt 00:00:44]} f6 {[%clk 00:24:00]} {[%emt 00:01:25]} 29.
e4 {[%clk 00:10:02]} {[%emt 00:02:20]} Nd6 {[%clk 00:22:38]} {[%emt 00:01:52]}
30. Bb4 {[%clk 00:08:13]} {[%emt 00:02:19]} Nb5 {[%clk 00:22:06]} {[%emt
00:01:01]} 31. Bd2 {[%clk 00:08:27]} {[%emt 00:00:16]} Rc2 {[%clk 00:18:33]}
{[%emt 00:04:02]} 32. Be3 {[%clk 00:08:22]} {[%emt 00:00:36]} Rc4 {[%clk
00:18:50]} {[%emt 00:00:13]} 33. Rd1 {[%clk 00:06:35]} {[%emt 00:02:17]} Kf7
{[%clk 00:18:48]} {[%emt 00:00:31]} 34. Rd7+ {[%clk 00:06:39]} {[%emt
00:00:26]} Kg6 {[%clk 00:18:30]} {[%emt 00:00:47]} 35. h4 {[%clk 00:05:53]}
{[%emt 00:01:17]} h5 {[%clk 00:18:05]} {[%emt 00:00:55]} 36. Rd5 {[%clk
00:04:05]} {[%emt 00:02:20]} Rb4 {[%clk 00:18:00]} {[%emt 00:00:33]} 37. Rd3
{[%clk 00:04:08]} {[%emt 00:00:28]} Kh7 {[%clk 00:16:11]} {[%emt 00:02:18]} 38.
Bd2 {[%clk 00:04:30]} {[%emt 00:00:10]} Nd4+ {[%clk 00:13:59]} {[%emt
00:02:41]} 39. Kg2 {[%clk 00:03:43]} {[%emt 00:01:15]} Ra4 {[%clk 00:13:31]}
{[%emt 00:00:58]} 40. Be3 {[%clk 00:02:26]} {[%emt 00:01:48]} Nc2 {[%clk
00:11:42]} {[%emt 00:02:19]} 41. Rc3 {[%clk 00:02:48]} {[%emt 00:00:08]} Nxe3+
{[%clk 00:07:41]} {[%emt 00:04:29]} 42. Rxe3 {[%clk 00:03:15]} {[%emt
00:00:05]} g5 {[%clk 00:08:05]} {[%emt 00:00:06]} 43. hxg5 {[%clk 00:23:12]}
{[%emt 00:10:33]} fxg5 {[%clk 00:38:23]} {[%emt 00:00:12]} 44. Re2 {[%clk
00:23:37]} {[%emt 00:00:05]} g4 {[%clk 00:29:25]} {[%emt 00:09:28]} 45. Re1
{[%clk 00:15:35]} {[%emt 00:08:32]} Kg6 {[%clk 00:29:45]} {[%emt 00:00:09]} 46.
Kh2 {[%clk 00:15:19]} {[%emt 00:00:46]} Kf6 {[%clk 00:29:28]} {[%emt 00:00:47]}
47. Kg2 {[%clk 00:15:13]} {[%emt 00:00:36]} Kg5 {[%clk 00:29:27]} {[%emt
00:00:31]} 48. Re2 {[%clk 00:13:18]} {[%emt 00:02:26]} h4 {[%clk 00:28:58]}
{[%emt 00:00:59]} 49. gxh4+ {[%clk 00:13:35]} {[%emt 00:00:12]} Kxh4 {[%clk
00:29:22]} {[%emt 00:00:05]} 50. f3 {[%clk 00:10:11]} {[%emt 00:03:55]} Ra3
{[%clk 00:27:32]} {[%emt 00:02:20]} 51. Rf2 {[%clk 00:09:13]} {[%emt 00:01:28]}
Re3 {[%clk 00:26:29]} {[%emt 00:01:32]} 52. fxg4 {[%clk 00:08:47]} {[%emt
00:00:56]} Kxg4 {[%clk 00:26:48]} {[%emt 00:00:11]} 53. Ra2 {[%clk 00:09:08]}
{[%emt 00:00:09]} Rxe4 {[%clk 00:26:18]} {[%emt 00:00:59]} 54. Kf2 {[%clk
00:09:15]} {[%emt 00:00:23]} Kf4 {[%clk 00:26:29]} {[%emt 00:00:18]} 55. Ra3
{[%clk 00:09:41]} {[%emt 00:00:05]} Rb4 {[%clk 00:26:50]} {[%emt 00:00:08]} 56.
Ke2 {[%clk 00:09:53]} {[%emt 00:00:18]} Rb2+ {[%clk 00:27:10]} {[%emt
00:00:11]} 57. Ke1 {[%clk 00:10:12]} {[%emt 00:00:11]} e4 {[%clk 00:26:42]}
{[%emt 00:00:57]} 58. Rc3 {[%clk 00:10:37]} {[%emt 00:00:06]} Ke5 {[%clk
00:21:04]} {[%emt 00:06:08]} 59. Ra3 {[%clk 00:11:00]} {[%emt 00:00:07]} Rh2
{[%clk 00:20:27]} {[%emt 00:01:06]} 60. Rb3 {[%clk 00:10:49]} {[%emt 00:00:43]}
Kd5 {[%clk 00:14:00]} {[%emt 00:06:57]} 61. Ra3 {[%clk 00:10:35]} {[%emt
00:00:43]} Rc2 {[%clk 00:13:48]} {[%emt 00:00:41]} 62. Ra5+ {[%clk 00:09:46]}
{[%emt 00:01:20]} Kd4 {[%clk 00:06:46]} {[%emt 00:07:31]} 63. Ra4+ {[%clk
00:10:13]} {[%emt 00:00:04]} Ke5 {[%clk 00:07:08]} {[%emt 00:00:08]} 64. Ra3
{[%clk 00:10:40]} {[%emt 00:00:04]} Kf4 {[%clk 00:06:28]} {[%emt 00:01:08]} 65.
Rb3 {[%clk 00:11:08]} {[%emt 00:00:04]} e3 {[%clk 00:06:31]} {[%emt 00:00:26]}
66. Rb8 {[%clk 00:11:34]} {[%emt 00:00:05]} Kf3 {[%clk 00:06:10]} {[%emt
00:00:18]} 1/2-1/2

[Event "Women's World Cup 2023"]
[Site "Baku, Azerbaijan"]
[Date "????.??.??"]
[Round "2.32"]
[White "Miranda Llanes Yerisbel (CUB)"]
[Black "Kulon Klaudia (POL)"]
[Result "1/2-1/2"]
[WhiteFideId "3507700"]
[BlackFideId "1131044"]
[WhiteElo "2268"]
[BlackElo "2331"]

1. d4 {[%clk 01:30:44]} {[%emt 00:00:14]} Nf6 {[%clk 01:30:50]} {[%emt
00:00:11]} 2. c4 {[%clk 01:31:09]} {[%emt 00:00:05]} e6 {[%clk 01:31:15]}
{[%emt 00:00:05]} 3. Nc3 {[%clk 01:31:28]} {[%emt 00:00:11]} Bb4 {[%clk
01:31:36]} {[%emt 00:00:09]} 4. e3 {[%clk 01:31:41]} {[%emt 00:00:17]} O-O
{[%clk 01:31:45]} {[%emt 00:00:21]} 5. Bd3 {[%clk 01:32:00]} {[%emt 00:00:11]}
d5 {[%clk 01:31:52]} {[%emt 00:00:23]} 6. Nge2 {[%clk 01:30:29]} {[%emt
00:02:01]} c5 {[%clk 01:31:17]} {[%emt 00:01:05]} 7. a3 {[%clk 01:25:21]}
{[%emt 00:05:38]} Bxc3+ {[%clk 01:29:54]} {[%emt 00:01:53]} 8. bxc3 {[%clk
01:25:28]} {[%emt 00:00:23]} b6 {[%clk 01:29:27]} {[%emt 00:00:57]} 9. cxd5
{[%clk 01:21:29]} {[%emt 00:04:30]} exd5 {[%clk 01:28:51]} {[%emt 00:01:06]} 10.
O-O {[%clk 01:21:33]} {[%emt 00:00:26]} Ba6 {[%clk 01:22:06]} {[%emt 00:07:15]}
11. f3 {[%clk 01:21:38]} {[%emt 00:00:25]} Bxd3 {[%clk 01:20:11]} {[%emt
00:02:25]} 12. Qxd3 {[%clk 01:22:05]} {[%emt 00:00:03]} Re8 {[%clk 01:20:33]}
{[%emt 00:00:08]} 13. Ng3 {[%clk 01:21:18]} {[%emt 00:01:16]} Nc6 {[%clk
01:13:35]} {[%emt 00:07:29]} 14. Bb2 {[%clk 01:19:54]} {[%emt 00:01:53]} c4
{[%clk 01:03:17]} {[%emt 00:10:48]} 15. Qd2 {[%clk 01:18:45]} {[%emt 00:01:39]}
h5 {[%clk 00:56:25]} {[%emt 00:07:22]} 16. Rae1 {[%clk 01:16:35]} {[%emt
00:02:39]} g6 {[%clk 00:55:10]} {[%emt 00:01:45]} 17. e4 {[%clk 01:06:16]}
{[%emt 00:10:50]} h4 {[%clk 00:54:52]} {[%emt 00:00:48]} 18. Nf5 {[%clk
01:05:59]} {[%emt 00:00:47]} gxf5 {[%clk 00:50:41]} {[%emt 00:04:41]} 19. Qg5+
{[%clk 01:05:58]} {[%emt 00:00:30]} Kh8 {[%clk 00:39:14]} {[%emt 00:11:56]} 20.
Qh6+ {[%clk 01:04:34]} {[%emt 00:01:55]} Kg8 {[%clk 00:39:40]} {[%emt
00:00:05]} 21. e5 {[%clk 00:59:59]} {[%emt 00:05:05]} Nh7 {[%clk 00:39:55]}
{[%emt 00:00:15]} 22. Qxc6 {[%clk 00:59:41]} {[%emt 00:00:48]} Re6 {[%clk
00:39:56]} {[%emt 00:00:28]} 23. Qa4 {[%clk 00:59:32]} {[%emt 00:00:38]} Nf8
{[%clk 00:31:48]} {[%emt 00:08:38]} 24. Bc1 {[%clk 00:52:56]} {[%emt 00:07:07]}
Rg6 {[%clk 00:30:35]} {[%emt 00:01:43]} 25. Qc2 {[%clk 00:51:02]} {[%emt
00:02:24]} Qd7 {[%clk 00:30:33]} {[%emt 00:00:32]} 26. Kf2 {[%clk 00:47:11]}
{[%emt 00:04:21]} b5 {[%clk 00:29:27]} {[%emt 00:01:36]} 27. Rg1 {[%clk
00:44:42]} {[%emt 00:02:59]} a5 {[%clk 00:29:33]} {[%emt 00:00:23]} 28. g4
{[%clk 00:34:26]} {[%emt 00:10:45]} fxg4 {[%clk 00:29:44]} {[%emt 00:00:20]} 29.
Rxg4 {[%clk 00:32:35]} {[%emt 00:02:21]} Rxg4 {[%clk 00:29:44]} {[%emt
00:00:30]} 30. fxg4 {[%clk 00:33:02]} {[%emt 00:00:03]} b4 {[%clk 00:29:04]}
{[%emt 00:01:11]} 31. Bg5 {[%clk 00:15:39]} {[%emt 00:17:53]} bxc3 {[%clk
00:26:54]} {[%emt 00:02:40]} 32. Bf6 {[%clk 00:13:05]} {[%emt 00:03:04]} Rb8
{[%clk 00:22:27]} {[%emt 00:04:57]} 33. Qc1 {[%clk 00:11:24]} {[%emt 00:02:11]}
Rb2+ {[%clk 00:22:12]} {[%emt 00:00:45]} 34. Kf3 {[%clk 00:11:53]} {[%emt
00:00:01]} Rd2 {[%clk 00:22:02]} {[%emt 00:00:39]} 35. Rd1 {[%clk 00:09:21]}
{[%emt 00:03:02]} Rxd1 {[%clk 00:20:35]} {[%emt 00:01:57]} 36. Qxd1 {[%clk
00:08:24]} {[%emt 00:01:27]} Nh7 {[%clk 00:20:40]} {[%emt 00:00:25]} 37. Qc1
{[%clk 00:04:04]} {[%emt 00:04:51]} Nxf6 {[%clk 00:17:55]} {[%emt 00:03:14]} 38.
Qg5+ {[%clk 00:04:21]} {[%emt 00:00:12]} Kf8 {[%clk 00:18:19]} {[%emt
00:00:06]} 39. Qh6+ {[%clk 00:04:01]} {[%emt 00:00:51]} Ke8 {[%clk 00:18:29]}
{[%emt 00:00:19]} 40. Qh8+ {[%clk 00:02:16]} {[%emt 00:02:16]} Ng8 {[%clk
00:18:51]} {[%emt 00:00:08]} 41. Qxg8+ {[%clk 00:01:42]} {[%emt 00:01:04]} Ke7
{[%clk 00:19:17]} {[%emt 00:00:03]} 42. Qg5+ {[%clk 00:22:34]} {[%emt
00:09:38]} Ke8 {[%clk 00:48:05]} {[%emt 00:01:42]} 43. Qg8+ {[%clk 00:16:17]}
{[%emt 00:06:47]} Ke7 {[%clk 00:48:31]} {[%emt 00:00:05]} 44. Qg5+ {[%clk
00:16:22]} {[%emt 00:00:25]} Ke8 {[%clk 00:48:57]} {[%emt 00:00:05]} 1/2-1/2